000 00345pam a2200157a 44500
008 230515b1995 xxu||||| |||| 00| 0 eng d
020 _aNULL
041 _aENGLISH
082 _aNULL
100 _aMINISTER / JOSEPH A
245 _aELECTRONIC CIRCUITS
250 _a2
260 _aNULL
_bT.M.H
_c1995
300 _a298 PB
650 _aNULL
999 _c658565
_d658565